Conceptos de administración estratégica
Uloženo v:
| Hlavní autor: | |
|---|---|
| Médium: | Kniha |
| Jazyk: | španělština |
| Vydáno: |
Ciudad de México, México
Pearson-Prentice Hall
2008
|
| Vydání: | Decimoprimera edición |
| Témata: | |
| Tagy: |
Přidat tag
Žádné tagy, Buďte první, kdo vytvoří štítek k tomuto záznamu!
|
MARC
| LEADER | 00000cam a2200000 a 4500 | ||
|---|---|---|---|
| 001 | UCH1585 | ||
| 003 | CL-VaPUC | ||
| 005 | 20241018130708.0 | ||
| 008 | 090430e20080000MX |||||||||||||||||spa|d | ||
| 999 | |c 333560 |d 333558 | ||
| 020 | |a 9789702611899 | ||
| 040 | |c Pontificia Universidad Católica de Valparaíso | ||
| 082 | 0 | 4 | |a 658 DAV 2008 |2 21 |
| 100 | 0 | |a David, Fred R |e author |9 314 | |
| 245 | 1 | 0 | |a Conceptos de administración estratégica |
| 250 | |a Decimoprimera edición | ||
| 260 | |a Ciudad de México, México |b Pearson-Prentice Hall |c 2008 | ||
| 300 | |a 384 páginas | ||
| 583 | |a last modification |c 20190829 11:17:17 |k Rodrigo Vera | ||
| 650 | 0 | |a Dirección de empresas |9 892465 |x Planificación estratégica | |
| 650 | 0 | |a Gestión de empresas |9 433832 | |
| 650 | 0 | |a Control de gestión |9 345692 | |
| 852 | |a BIBGIM | ||
| 942 | |c BK |2 ddc | ||
| 945 | |d 20090430 00:00:00 |a rbrito | ||
| 952 | |0 0 |1 0 |4 0 |6 658_000000000000000_DAV_2008 |7 0 |8 R |9 422059 |a BIBGIM |b BIBGIM |d 2019-11-22 |i 4545583 |o 658 DAV 2008 |p 4545583 |r 2025-01-15 |w 2019-11-22 |y BK_R |k COM | ||
| 952 | |0 0 |1 0 |4 0 |6 658_000000000000000_DAV_2008 |7 0 |8 R |9 422060 |a BIBGIM |b BIBGIM |d 2019-11-22 |i 4545591 |l 1 |o 658 DAV 2008 |p 4545591 |r 2021-11-26 |s 2020-08-03 |w 2019-11-22 |y BK_R |k COM | ||
| 952 | |0 0 |1 0 |4 0 |6 658_000000000000000_DAV_2008 |7 0 |8 R |9 422061 |a BIBGIM |b BIBGIM |d 2019-11-22 |i 4545605 |l 1 |o 658 DAV 2008 |p 4545605 |r 2025-01-15 |s 2022-03-17 |w 2019-11-22 |y BK_R |k COM | ||
| 952 | |0 0 |1 0 |4 0 |6 658_000000000000000_DAV_2008 |7 0 |8 R |9 422062 |a BIBGIM |b BIBGIM |d 2019-11-22 |i 4545613 |o 658 DAV 2008 |p 4545613 |r 2025-01-15 |w 2019-11-22 |y BK_R |k COM | ||
| 952 | |0 0 |1 0 |4 0 |6 658_000000000000000_DAV_2008 |7 0 |8 R |9 422063 |a BIBGIM |b BIBGIM |d 2019-11-22 |i 4545621 |l 2 |o 658 DAV 2008 |p 4545621 |r 2025-01-15 |s 2022-08-25 |w 2019-11-22 |y BK_R |k COM | ||
| 952 | |0 0 |1 0 |4 0 |6 658_000000000000000_DAV_2008 |7 0 |8 R |9 422064 |a BIBGIM |b BIBGIM |d 2019-11-22 |i 454563K |o 658 DAV 2008 |p 454563K |r 2025-01-15 |w 2019-11-22 |y BK_R |k COM | ||
| 952 | |0 0 |1 2 |4 0 |6 658_000000000000000_DAV_2008 |7 0 |8 R |9 422065 |a BIBGIM |b BIBGIM |d 2019-11-22 |i 4545648 |o 658 DAV 2008 |p 4545648 |r 2019-11-22 |w 2019-11-22 |y BK_R |k COM | ||
| 952 | |0 0 |1 0 |4 0 |6 658_000000000000000_DAV_2008 |7 0 |8 R |9 422066 |a BIBENE |b BIBENE |d 2019-11-22 |i 4580966 |l 3 |o 658 DAV 2008 |p 4580966 |r 2025-01-15 |s 2024-08-19 |w 2019-11-22 |y BK_R |k ICO | ||
| 952 | |0 0 |1 0 |3 erb |4 0 |6 658_000000000000000_DAV_2008 |7 0 |8 R |9 422067 |a BIBGIM |b BIBGIM |d 2019-08-27 |e 1 |g 59004.00 |i 5560306 |o 658 DAV 2008 |p 5560306 |r 2025-01-15 |v 59004.00 |w 2019-11-22 |y BK_R |z Catalogado en:20190830 |k COM | ||